مكتبة جامعة عجلون الوطنية

فهرس بحث المكتبة

Normal view MARC view
  • الآباء والمربين-إرشاد ونصائح-تربية

Entry Topical Term

Number of records used in: 1

001 - CONTROL NUMBER

  • control field: 39802

003 - CONTROL NUMBER IDENTIFIER

  • control field: JO-AjAnu

005 - DATE AND TIME OF LATEST TRANSACTION

  • control field: 20230606080621.0

008 - FIXED-LENGTH DATA ELEMENTS

  • fixed length control field: 230606|| aca||aabn | a|a d

040 ## - CATALOGING SOURCE

  • Original cataloging agency: JO-AjAnu
  • Transcribing agency: JO-AjAnu

150 ## - HEADING--TOPICAL TERM

  • Topical term or geographic name entry element: الآباء والمربين-إرشاد ونصائح-تربية

670 ## - SOURCE DATA FOUND

  • Source citation: Work cat.: (JO-AjAnu)20408: عمر بن إبراهيم مصنف/آل سلمان، مشهور بن حسن مقدم, author 39801, نصيحتي للآباء والمربين